000 00797nam a2200265Ia 4500
003 OSt
005 20220923222828.0
006 a|||||r|||| 00| 0
007 ta
008 220922b |||||||| |||| 00| 0 hin d
024 _a208,345
037 _cTextual
040 _aARTS
_cARTS
_bhin
041 _2hin
_ahin
082 _aO152,3N59x, N0
100 _aसुरेश कांत
245 0 _aबलिहारी गुरु
246 _aBalihārī guru
250 _aसंस्क 2
260 _aनई दिल्ली
_b उमंग प्रका0
_c1990
300 _a184पृ.
_ccm.
650 _aहिन्दी साहित्य
_9156264
942 _hO152,3N59x, N0
_cTEXL
_2CC
999 _c358941
_d358941